000 01139cam a2200301 i 4500
001 015678658
003 EG-ScBUE
005 20241029101539.0
008 100924s2011 enka f b 001 0 eng d
020 _a0521196817 (hbk.) :
020 _a9780521196819 (hbk.) :
040 _aEG-ScBUE
_beng
_erda
_cEG-ScBUE
_dEG-ScBUE
082 0 4 _a518
_222
_bCSI
100 1 _aCsiszar, Imre,
_d1938-
_eauthor.
_931430
245 1 0 _aInformation theory :
_bcoding theorems for discrete memoryless systems /
_cby Imre Csiszar, Alfred Renyi Institute of Mathematics, Hungarian Academy of Sciences, Hungary, Janos Körner, Sapienza University of Rome, Italy.
250 _aSecond edition.
264 1 _aCambridge :
_bCambridge University Press,
_c2011.
300 _axxi, 499 pages :
_billustrations ;
_c25 cm
336 _2rdacontent
_atext
_btxt
337 _aunmediated
_2rdamedia
_bn
338 _avolume
_bnc
_2rdacarrier
504 _aIncludes bibliographical references and index.
650 7 _aCoding theory.
_2BUEsh
_931431
653 _cNovember2012
655 _vReading book
700 1 _aKorner, Janos,
_eauthor.
_931432
942 _2ddc
_cBB
999 _c17101
_d17073